Current EPOC / (Record no. 63361)

MARC details
000 -LEADER
fixed length control field 00596nam a22002057a 4500
005 - DATE AND TIME OF LATEST TRANSACTION
control field 20161206084129.0
008 - FIXED-LENGTH DATA ELEMENTS--GENERAL INFORMATION
fixed length control field 160612t2004 mx a b 001 0 spa u
050 04 - LIBRARY OF CONGRESS CALL NUMBER
Classification number RC776.O3
Item number H35 2004
100 1# - MAIN ENTRY--PERSONAL NAME
Personal name Halpin, David
245 10 - TITLE STATEMENT
Title Current EPOC /
Statement of responsibility, etc David Halpin, Michael Rudolf.
250 ## - EDITION STATEMENT
Edition statement 1a ed.
260 ## - PUBLICATION, DISTRIBUTION, ETC. (IMPRINT)
Place of publication, distribution, etc México :
Name of publisher, distributor, etc Science Press,
Date of publication, distribution, etc 2004
300 ## - PHYSICAL DESCRIPTION
Extent ix, 107 p. :
Other physical details il. ;
Dimensions 19 cm.
504 ## - BIBLIOGRAPHY, ETC. NOTE
Bibliography, etc Incluye índice
504 ## - BIBLIOGRAPHY, ETC. NOTE
Bibliography, etc Bibliografía : p. 85-107
506 ## - RESTRICTIONS ON ACCESS NOTE
Source of term Bib. Med. ISO 2016
650 #4 - SUBJECT ADDED ENTRY--TOPICAL TERM
Topical term or geographic name as entry element Pulmones
General subdivision Enfermedades
700 1# - ADDED ENTRY--PERSONAL NAME
Personal name Rudolf, Michael,
Relator term coaut.
942 ## - ADDED ENTRY ELEMENTS (KOHA)
Source of classification or shelving scheme Biblioteca del Cogreso de los Estados Unidos
Koha item type Libro
Holdings
Estado de pérdida Fuente de clasificación Estado del daño No para préstamo Ubicación permanente Ubicación actual Apartado o colección Fecha de adquisición Fuente de adquisición Edición Dependencia de educación superior (DES) Área del conocimiento Clasificación Código de Barras Date last seen Número de copia Tipo de recurso Nota pública
  Biblioteca del Cogreso de los Estados Unidos     Biblioteca de la Facultad de Ciencias Médicas y Biológicas Biblioteca de la Facultad de Ciencias Médicas y Biológicas General 06/12/2016 Donación 1a ed. Ciencias de la Salud Ciencias de la Salud RC776.O3 H35 2004 BFM000006421 06/12/2016 1 Libro General